Vino por lana y buelve trasquilado, en respuesta al Padre del Niño de Gomez Arias, a la defensa del Viage y manifiesto de difuntos, contra la crisis apologética / (Record no. 167668)

MARC details
000 -LEADER
campo de control de longitud fija 00939nam a2200205 i 4500
001 - NÚMERO DE CONTROL
campo de control 167668
003 - IDENTIFICADOR DE NÚMERO DE CONTROL
campo de control ES-MaACL
005 - FECHA Y HORA DE LA ÚLTIMA TRANSACCIÓN
campo de control 20230906213554.0
008 - DATOS DE LONGITUD FIJA--INFORMACIÓN GENERAL
campo de control de longitud fija 050728s1734 sp |||| | spa d
100 1# - ENTRADA PRINCIPAL--NOMBRE DE PERSONA
Nombre de persona Un Ingenio de esta Corte.
9 (RLIN) 165743
245 10 - MENCIÓN DEL TÍTULO
Título Vino por lana y buelve trasquilado, en respuesta al Padre del Niño de Gomez Arias, a la defensa del Viage y manifiesto de difuntos, contra la crisis apologética /
Mención de responsabilidad, etc. por Un Ingenio de esta Corte.
260 ## - PUBLICACIÓN, DISTRIBUCIÓN, ETC.
Lugar de publicación, distribución, etc. En Madrid :
Nombre del editor, distribuidor, etc. se hallará en la librería de Luis Gutierrez ...,
Fecha de publicación, distribución, etc. 1734.
300 ## - DESCRIPCIÓN FÍSICA
Extensión [12], 23 p. ;
Dimensiones 14 cm.
530 ## - NOTA DISPONIBLE DE FORMULARIO FÍSICO ADICIONAL
Nota de formato físico adicional disponible Disponible en formato digital.
597 ## - NOTA DE DESCRIPCIÓN FÍSICA
NOTA DE DESCRIPCIÓN FÍSICA Sign.: A-B8, C2.
597 ## - NOTA DE DESCRIPCIÓN FÍSICA
NOTA DE DESCRIPCIÓN FÍSICA Port. con orla tip.
600 14 - PUNTO DE ACCESO ADICIONAL DE MATERIA--NOMBRE DE PERSONA
Nombre de persona Arias, Gomez.
9 (RLIN) 125699
852 ## - LOCALIZACIÓN
Ubicación ES-MaACL
Número de control de estantería R-535(4)
Nota libre - Enc. piel, no original de la época
Encuadernación Olim: G-518
856 ## - LOCALIZACIÓN Y ACCESO ELECTRÓNICOS
Identificador Uniforme de Recursos <a href="https://bvpb.mcu.es/es/consulta/registro.do?id=577761 ">https://bvpb.mcu.es/es/consulta/registro.do?id=577761 </a>
Nota pública Biblioteca Virtual del Patrimonio Bibliográfico
Holdings
Estatus retirado Estado de pérdida Estado de daño No para préstamo Colección Biblioteca de origen Biblioteca actual Ubicación en estantería Fecha de adquisición Fuente de adquisición Total de préstamos Signatura topográfica completa Código de barras Visto por última vez Precio de reemplazo Tipo de ítem Koha
        Colección digital Biblioteca del Ateneo de Madrid Biblioteca del Ateneo de Madrid Depósito 17/01/2008     R-535(4) 1175903 23/02/2023 23/02/2023 Libro impreso antiguo